বেসিক বিসনেন্স ফাইনান্স। (Record no. 1251)
[ view plain ]
| 000 -LEADER | |
|---|---|
| fixed length control field | 00505nam a2200145Ia 4500 |
| 008 - FIXED-LENGTH DATA ELEMENTS--GENERAL INFORMATION | |
| fixed length control field | 151213s9999 xx 000 0 und d |
| 100 ## - MAIN ENTRY--PERSONAL NAME | |
| Personal name | মো: নূও হোসেন। |
| 245 ## - TITLE STATEMENT | |
| Title | বেসিক বিসনেন্স ফাইনান্স। |
| Statement of responsibility, etc. | মো: নূও হোসেন। |
| 260 ## - PUBLICATION, DISTRIBUTION, ETC. (IMPRINT) | |
| Place of publication, distribution, etc. | ঢাকা |
| Name of publisher, distributor, etc. | কাজী প্রকাশনী। |
| Date of publication, distribution, etc. | 2003 |
| 300 ## - PHYSICAL DESCRIPTION | |
| Extent | 1671 p. |
| 650 ## - SUBJECT ADDED ENTRY--TOPICAL TERM | |
| Topical term or geographic name as entry element | Finance |
| 650 ## - SUBJECT ADDED ENTRY--TOPICAL TERM | |
| Topical term or geographic name as entry element | Finance |
| 700 ## - ADDED ENTRY--PERSONAL NAME | |
| Personal name | মো: নূও হোসেন। |
No items available.
